Statistics for books by karen m mcmanus

Click here to take the quiz!

General Stats

  • This quiz has been taken 9 times
  • The average score is 4 of 6

Answer Stats

HintAnswer% Correct
firstone of us is lying
86%
sequel to previousone of us is next
86%
stand alonethe cousins
86%
stand alonetwo can keep a secret
86%
stand aloneyoull be the death of me
57%
stand alonenothing more to tell
43%

Score Distribution

Percentile by Number Answered

Percent of People with Each Score

Your Score History

You have not taken this quiz